Livre de la Bible Partie 1 - Statistiques

Statistiques générales
  • Ce quiz a été pris 36 fois
  • Le résultat moyen est 8 sur 15
Statistiques - réponses
Numéro Réponse % Correct
1 Genèse
100%
2 Exode
71%
5 Deutéronome
68%
3 Lévitique
64%
4 Nombres
61%
11 1 Rois
57%
12 2 Rois
57%
6 Josué
57%
8 Ruth
57%
9 1 Samuel
50%
10 2 Samuel
50%
7 Juges
43%
13 1 Chroniques
39%
14 2 Chroniques
39%
15 Esdras
29%
Aucun quiz correspondant
Distribution des résultats
% des personnes avec chaque résultat
Percentile par nombre de réponses
Votre historique - résultats
Vous n’avez pas pris ce quiz